| 000 | 00657nam a2200121Ia 4500 | ||
|---|---|---|---|
| 008 | 220615s9999||||xx |||||||||||||| ||und|| | ||
| 245 | 0 | _aTeacher Quality, Instructional Quality and Student Outcomes: Relationships Across Countries, Cohorts and Time | |
| 546 | _aEnglish[eng] | ||
| 650 | _aEducation||Teaching||Learning and Instruction||Assessment, Testing and Evaluation | ||
| 700 | _aNilsen, Trude||Gustafsson, Jan-Eric | ||
| 856 | _uhttps://library.oapen.org/bitstream/20.500.12657/27946/1/1002053.pdf||https://library.oapen.org/bitstream/20.500.12657/27946/1/1002053.pdf||https://library.oapen.org/bitstream/20.500.12657/27946/1/1002053.pdf | ||
| 942 | _cEB | ||
| 999 |
_c18741 _d18741 |
||